The Local Government (Non-Domestic Rating) (Consequential Amendments) (England) Order 2008 (Record no. 108168)
[ view plain ]
| 000 -LEADER | |
|---|---|
| fixed length control field | 01628cad a22002415a 4500 |
| 001 - CONTROL NUMBER | |
| control field | L143485 |
| 008 - FIXED-LENGTH DATA ELEMENTS--GENERAL INFORMATION | |
| fixed length control field | 080514s20080324xxk f lf000 0 eng d |
| 035 ## - SYSTEM CONTROL NUMBER | |
| System control number | (Sirsi) u143485 |
| 041 0# - LANGUAGE CODE | |
| Language code of text/sound track or separate title | eng |
| 050 04 - LIBRARY OF CONGRESS CALL NUMBER | |
| Classification number | 336.21 $2 18 |
| 110 2# - MAIN ENTRY--CORPORATE NAME | |
| Corporate name or jurisdiction name as entry element | United Kingdom |
| Form subheading | Laws, etc |
| 9 (RLIN) | 5044 |
| 245 04 - TITLE STATEMENT | |
| Title | The Local Government (Non-Domestic Rating) (Consequential Amendments) (England) Order 2008 |
| Medium | [electronic resource] |
| 260 ## - PUBLICATION, DISTRIBUTION, ETC. | |
| Place of publication, distribution, etc. | London |
| Name of publisher, distributor, etc. | TSO |
| Date of publication, distribution, etc. | 2008 |
| 490 #0 - SERIES STATEMENT | |
| Series statement | SI |
| Volume/sequential designation | 2008: 428 |
| 520 ## - SUMMARY, ETC. | |
| Summary, etc. | Comes into force 24 March 2008. Amends secondary legislation as a consequence of the Local Government Act 2003 and the Rating (Empty Properties) Act 2007. The amendments update the Local Government Act, the main one being to convert into a duty the existing power of the Secretary of State to put in place a scheme which phases in increases in liability following the statutory revaluation of non-domestic premises for the purposes of rates. This was done by the insertion into the 1988 Act of a new section 57A. The Order amends the 1989 and 1990 Regulations to include references to section 57A where necessary. The regulations also introduce new measures of liability to rates in respect of unoccupied non-domestic properties. |
| 590 ## - LOCAL NOTE (RLIN) | |
| Local note | KA |
| 650 24 - SUBJECT ADDED ENTRY--TOPICAL TERM | |
| Topical term or geographic name entry element | RATING (EMPTY PROPERTIES) ACT 2007 |
| 650 24 - SUBJECT ADDED ENTRY--TOPICAL TERM | |
| Topical term or geographic name entry element | NON-DOMESTIC RATING (UNOCCUPIED PROPERTY) (ENGLAND) REGULATIONS 2008 |
| 651 #4 - SUBJECT ADDED ENTRY--GEOGRAPHIC NAME | |
| Geographic name | England |
| Chronological subdivision | 886- |
| 690 ## - LOCAL SUBJECT ADDED ENTRY--TOPICAL TERM (OCLC, RLIN) | |
| Topical term or geographic name as entry element | PROPERTY-COMMERCIAL PROPERTY-COMMERCIAL PROPERTY TAXATION-BUSINESS RATES |
| 856 40 - ELECTRONIC LOCATION AND ACCESS | |
| Uniform Resource Identifier | <a href="https://www.opsi.gov.uk/si/si2008/uksi_20080428_en_1">https://www.opsi.gov.uk/si/si2008/uksi_20080428_en_1</a> |
| Public note | View the statutory instrument free of charge at www.opsi.gov.uk... |
| 942 ## - ADDED ENTRY ELEMENTS (KOHA) | |
| Suppress in OPAC | 0 |
| Withdrawn status | Lost status | Source of classification or shelving scheme | Damaged status | Not for loan | Home library | Current library | Shelving location | Date acquired | Total Checkouts | Full call number | Barcode | Date last seen | Copy number | Price effective from | Koha item type |
|---|---|---|---|---|---|---|---|---|---|---|---|---|---|---|---|
| Dewey Decimal Classification | Virtual | Virtual | Online | 14/05/2008 | ONLINE PUBLICATION | 143485-1001 | 06/08/2019 | 1 | 06/08/2019 | Book |